01857nam a2200469 i 450000100060000000300080000600500170001400600190003100700150005000800410006502000280010602000180013403500210015204000310017304100130020405000240021708000120024108200160025313000280026924501460029725000190044326400740046230000870053633600310062333700330065433800430068749000370073050000140076750000900078158800830087159001620095465000190111665000160113565500270115170000240117870000280120270000280123070000310125879700180128985600630130799900170137020986FINmELB20241216213905.0m o u cr cn|||||||||201006s2013 sp a o 001 0 spa d a9788415840961q(e-book) z9788415840633 a(OCoLC)932805424 aFINmELBbspaerdacFINmELB1 aspaheng14aQR182.55bI468 2013 a616-09704a616.0792230 aImmunology.lEspañol.10aInmunología /cThao Doan, Roger Melvold, Susan Viselli, Carl Waltenbaugh ; [traducción y revisión, Antonio Celada Cotalrelo [y otros]]. a2a. edición. 1aL'Hospitalet de Llobregat, Barcelona :bWolters Kluwer Health,c2013. a1 recurso en línea (V, 376 páginas) :bilustraciones color y negro, gráficos atextobtxt2rdacontent/spa acomputadorabc2rdamedia/spa arecurso en líneabcr2rdacarrier/spa0 aLippincott's illustrated reviews aÍndice. a"Incluye test de autoevaluación en español y otros recursos digitales"--Cubierta. aDescripción basada en metadatos suministrados por el editor y otras fuentes. aRecurso electrónico. Santa Fe, Arg.: elibro, 2019. Disponible vía World Wide Web. El acceso puede estar limitado para las bibliotecas afiliadas a elibro. 4aInmunología. 0aImmunology. 4aLibros electrónicos.1 aDoan, Thao,eautor.1 aMelvold, Roger,eautor.1 aViselli, Susan,eautor.1 aWaltenbaugh, Carl,eautor.2 aelibro, Corp.40uhttps://elibro.net/ereader/politecnicointernacional/125900 c20986d20986